Influence of Entrepreneurial Competencies and Innovation on the Success of Hospitality SMEs in Ho Chi Minh City, Vietnam – the Mediating Role of Competitiveness
V súčasnosti malé a stredné podniky (MSP) významne prispievajú k ekonomike každej krajiny a ich úspech aj konkurencieschopnosť v prevádzke patria medzi kritériá, ktoré priťahujú veľkú pozornosť. Pri skúmaní vplyvu inovácií a podnikateľských kompetencií na úspech MSP v odvetví pohostinstva v Hočimino...
Uložené v:
| Hlavný autor: | |
|---|---|
| Médium: | Kapitola |
| Jazyk: | English |
| Predmet: | |
| Tagy: |
Žiadne tagy, Buďte prvý, kto otaguje tento záznam!
|
MARC
| LEADER | 00000naa a2200000 4500 | ||
|---|---|---|---|
| 001 | 0314953 | ||
| 005 | 20260212110825.6 | ||
| 041 | 0 | |a eng | |
| 044 | |a CZ | ||
| 245 | 1 | 0 | |a Influence of Entrepreneurial Competencies and Innovation on the Success of Hospitality SMEs in Ho Chi Minh City, Vietnam – the Mediating Role of Competitiveness |c Hung Dang Phi Doan |
| 520 | |a V súčasnosti malé a stredné podniky (MSP) významne prispievajú k ekonomike každej krajiny a ich úspech aj konkurencieschopnosť v prevádzke patria medzi kritériá, ktoré priťahujú veľkú pozornosť. Pri skúmaní vplyvu inovácií a podnikateľských kompetencií na úspech MSP v odvetví pohostinstva v Hočiminovom Meste vo Vietname sprostredkujúcu úlohu zohráva faktor konkurencieschopnosti. Výsledky výskumu naznačili, že inovácie a podnikateľské kompetencie spolu majú nepriamy sprostredkujúci vplyv na úspech malých a stredných podnikov v sektore pohostinstva v Hočiminovom Meste, pričom faktor konkurencieschopnosti pôsobí ako sprostredkujúca premenná. | ||
| 610 | 2 | 0 | |a konkurencieschopnosť |
| 610 | 2 | 0 | |a kompetencie podnikateľské |
| 610 | 2 | 0 | |a pohostinstvo |
| 610 | 2 | 0 | |a podnik malý |
| 610 | 2 | 0 | |a podnik stredný |
| 610 | 2 | 0 | |a inovácia |
| 610 | 2 | 0 | |a Vietnam |
| 100 | 1 | |a Doan, Hung Dang Phi | |